01786 a2200193 45000010006000000050017000060080041000230030015000640400040000790800064001192450066001830200022002492640041002713000019003125051125003310410008014561000029014648560099014934943120260407155758.0260407a2003 arg spa dAR-UNSa-BCEJYS aAR-UNSa-BCEJYSbspacAR-UNSa-BCEJYS a658xAdministración de empresas. Organización comercial10aAdministraciónpun enfoque interdisciplinario y competitivo a978-987-9094-88-4 1aCórdoba :bEdiciones Eudecorc2003 a559 p.c27 cm. aPARTE I: La administración y sus fundamentos: 1. La administración y los administradores - 2. La evolución del pensamiento administrativo - 3. Los nuevos desafíos de la administración - 4. Las organizaciones - PARTE II: La toma de decisiones y el planeamiento: 5. La toma de decisiones - 6. El establecimiento de objetivos y la visión global del planeamiento - 7. El planeamiento en acción - 8. El proceso de la formulación de la estrategia - PARTE III: La acción de organizar y el establecimiento de estructuras: 9. Los fundamentos de la estructura organizativa - 10. El diseño de la estructura de la organización - PARTE IV: La dirección de las organizaciones: 11. La integración de las personas en la organización - 12. Los fundamentos de la dirección de las organizaciones - PARTE V: El control y el cambio en la organización: 13. El control directivo en la organización - 14. La administración del cambio organizacional - PARTE VI: La administración en pequeñas y medianas empresas: 15. La administración en las pequeñas y medianas empresas y en las empresas familiares. aspa1 aAlvarez, Héctor Felipe41uhttps://www.biblioeco.unsa.edu.ar/pmb/images/libros/L128093.jpgyImagen de portadaqimage/jpeg